000 00296nam a2200121 i 4500
001 bg
245 0 _aPolski słownik biograficzny.
_nT.6,
_pDunin Rodryg-Firlej Henryk.
260 _aWrocław,
_c1977.
040 _cBPK
041 _apol
942 _cKS
008 s pl f |000 0 pol
999 _c47188
_d47188
856 _uhttp://koha.tu.koszalin.pl/cgi-bin/koha/opac-detail.pl?biblionumber=47188
_yKatalog online BPK